Film d'animazione con maggiori incassi negli anni 2000 - Statistics

Statistiche generali
  • Questo quiz è stato fatto 31 volte
  • Il punteggio medio è 8 su 16
Statistiche sulle risposte
Incasso ($) Anno di uscita del film Film % Corretto
940 335 536 2003 Alla ricerca di Nemo
93%
461 983 149 2006 Cars
70%
633 019 734 2004 Gli Incredibili
59%
532 680 671 2005 Madagascar
59%
603 900 354 2008 Madagascar 2
59%
484 409 218 2001 Shrek
52%
923 075 336 2004 Shrek 2
52%
798 958 162 2007 Shrek Terzo
52%
735 099 085 2009 Up
44%
533 281 433 2008 WALL-E
44%
660 940 780 2006 L'era glaciale 3 - Il disgelo
41%
886 686 817 2009 L'era glaciale 3 - L'alba dei dinosauri
41%
623 722 818 2007 Ratatouille
41%
631 744 560 2008 Kung Fu Panda
37%
577 425 734 2001 Monsters & Co.
30%
527 071 022 2007 I Simpson - Il film
7%
Nessun quiz corrispondente trovato
Distribuzione punteggi
Percentuale di utenti per punteggio
Percentile per numero di risposta
I tuoi punteggi nel tempo
Non hai fatto questo quiz